000 00463nam a2200169 i 4500
001 41049
003 ES-MaACL
005 20230906160349.0
007 t|
008 030307s1967 sp ||||1| spa d
100 1 _aCarpentier, Alejo.
_935442
245 1 3 _aEl reino de este mundo
_b: [novela] /
_cAlejo Carpentier.
250 _a[1ยช ed.].
260 _aBarcelona :
_bSeix Barral,
_c1967.
300 _a150 p. ;
_c17 cm.
852 _aES-MaACL
_jC-31728
_bR.62338
999 _c41049
_d41049